[Event "39th World U20 ch"]
[Site "Yerevan ARM"]
[Date "2000.09.22"]
[Round "4.15"]
[White "Mateuta, Gabriel"]
[Black "Blehm, Pawel"]
[Result "1/2-1/2"]
[WhiteElo "2409"]
[BlackElo "2510"]
[EventDate "2000.09.18"]
[PlyCount "58"]

1.d4 Nf6 2.Nf3 g6 3.g3 Bg7 4.Bg2 O-O 5.O-O d6 6.c4 Nc6 7.Nc3 a6 8.Qd3 Nd7 
9.e4 e5 10.Bg5 f6 11.Be3 exd4 12.Nxd4 Nde5 13.Nxc6 bxc6 14.Qe2 Be6 15.b3 
f5 16.Rac1 Qd7 17.f3 Rae8 18.Qd2 fxe4 19.Nxe4 Bh3 20.Bf4 Bxg2 21.Kxg2 Qf5 
22.Bxe5 Rxe5 23.Rce1 Rfe8 24.Nf2 Qe6 25.Re4 Rxe4 26.Nxe4 d5 27.cxd5 cxd5 
28.Nc5 Qd6 29.Rc1 Bf8 1/2-1/2

[Event "39th World U20 ch"]
[Site "Yerevan ARM"]
[Date "2000.09.22"]
[Round "4.16"]
[White "Senff, Martin"]
[Black "Ghaem Maghami, Ehsan"]
[Result "1/2-1/2"]
[WhiteElo "2354"]
[BlackElo "2488"]
[EventDate "2000.09.18"]
[PlyCount "56"]

1.e4 c5 2.Nf3 e6 3.d4 cxd4 4.Nxd4 a6 5.Nc3 b5 6.Bd3 Bb7 7.O-O Qc7 8.Re1 
Nf6 9.e5 Nd5 10.Nxd5 Bxd5 11.a4 b4 12.Qg4 Nc6 13.Nxc6 Qxc6 14.Bd2 h5 15.
Qh3 Be7 16.c4 bxc3 17.Bxc3 g6 18.Rec1 Qb7 19.b4 O-O 20.Qg3 Be4 21.b5 axb5 
22.Bxb5 Rfc8 23.Bf1 Bb4 24.Bxb4 Rxc1 25.Rxc1 Qxb4 26.Qh4 Qb7 27.a5 Bc6 28.
a6 Qb2 1/2-1/2

[Event "39th World U20 ch"]
[Site "Yerevan ARM"]
[Date "2000.09.22"]
[Round "4.17"]
[White "Svetuschin, Dumitru"]
[Black "Mahjoob, Morteza"]
[Result "1-0"]
[WhiteElo "2472"]
[BlackElo "2337"]
[EventDate "2000.09.18"]
[PlyCount "89"]

1.e4 c5 2.Nf3 e6 3.d3 Nc6 4.c3 d5 5.Qe2 b6 6.g3 Ba6 7.e5 g6 8.Bg2 Bg7 9.
O-O Qc7 10.Re1 h6 11.h4 Nge7 12.Na3 O-O-O 13.Nc2 Kb8 14.Rb1 Rc8 15.Bd2 g5 
16.hxg5 hxg5 17.Bxg5 Ng6 18.Bf6 Bxf6 19.exf6 e5 20.Ne3 Qd6 21.c4 dxc4 22.
Nxc4 Qxf6 23.a3 Rhe8 24.b4 cxb4 25.axb4 e4 26.dxe4 Nd4 27.Nxd4 Qxd4 28.b5 
Bb7 29.Rbc1 Qc5 30.Qb2 Qe7 31.Qa2 Rc5 32.Ra1 Kc7 33.e5 a5 34.Bxb7 Kxb7 35.
Nd6+ Kb8 36.Nxe8 Qxe8 37.e6 f6 38.Rac1 Qxb5 39.Qb1 Rxc1 40.Qxb5 Rxe1+ 41.
Kg2 Rxe6 42.Qd7 Re7 43.Qd6+ Rc7 44.Qxb6+ Kc8 45.Qe6+ 1-0

[Event "39th World U20 ch"]
[Site "Yerevan ARM"]
[Date "2000.09.22"]
[Round "4.18"]
[White "Asauskas, Henrikas"]
[Black "Izoria, Zviad"]
[Result "0-1"]
[WhiteElo "2245"]
[BlackElo "2450"]
[EventDate "2000.09.18"]
[PlyCount "94"]

1.e4 c5 2.Nf3 d6 3.d4 cxd4 4.Nxd4 Nf6 5.Nc3 Nc6 6.Bc4 Qb6 7.Be3 Qxb2 8.
Ndb5 Qb4 9.Qe2 Qa5 10.Bd2 Qd8 11.Nd5 Nxd5 12.exd5 Ne5 13.Bb3 a6 14.f4 Ng4 
15.Nd4 g6 16.Ba4+ Bd7 17.Nc6 Qc8 18.Bc3 Rg8 19.h3 Nh6 20.Qf3 Bg7 21.Bxg7 
Rxg7 22.O-O Kf8 23.Rab1 Qc7 24.Rfe1 f6 25.Nd4 b5 26.Bb3 Qa7 27.Qf2 Nf5 28.
Re4 Nxd4 29.Rxd4 g5 30.Kh2 a5 31.c4 bxc4 32.Bxc4 Rc8 33.Bd3 Rc3 34.Rb3 
Rxb3 35.axb3 Qc5 36.fxg5 Rxg5 37.Qh4 h5 38.Bc4 Qa3 39.Rf4 Ke8 40.Qf2 Qa1 
41.Qd2 Bxh3 42.Bf1 Bd7 43.Bc4 Rg4 44.Rxg4 hxg4 45.g3 Bf5 46.Qh6 Qb2+ 47.
Kg1 Qd4+ 0-1

[Event "39th World U20 ch"]
[Site "Yerevan ARM"]
[Date "2000.09.22"]
[Round "4.20"]
[White "Bunzmann, Dimitrij"]
[Black "Skytte, Rasmus"]
[Result "1/2-1/2"]
[WhiteElo "2484"]
[BlackElo "2323"]
[EventDate "2000.09.18"]
[PlyCount "54"]

1.d4 d5 2.c4 dxc4 3.e3 Nf6 4.Bxc4 e6 5.Nf3 a6 6.O-O b5 7.Bd3 Bb7 8.a4 b4 
9.Nbd2 c5 10.Nb3 Nbd7 11.Qe2 cxd4 12.exd4 Be7 13.Bf4 O-O 14.a5 Nh5 15.Be3 
g6 16.Bh6 Re8 17.Bc4 Bd6 18.Ne5 Nxe5 19.dxe5 Bf8 20.Be3 Qh4 21.Rad1 Nf4 
22.Bxf4 Qxf4 23.Rd7 Reb8 24.Rd4 Qg5 25.f4 Qe7 26.Rfd1 Rd8 27.Rxd8 Rxd8 
1/2-1/2

[Event "39th World U20 ch"]
[Site "Yerevan ARM"]
[Date "2000.09.22"]
[Round "4.21"]
[White "Kallio, Heikki"]
[Black "Goldenberg, Danny"]
[Result "1/2-1/2"]
[WhiteElo "2451"]
[BlackElo "2310"]
[EventDate "2000.09.18"]
[PlyCount "90"]

1.a3 g6 2.d4 Bg7 3.Nf3 d6 4.Nc3 c6 5.e4 Nf6 6.Be2 O-O 7.Bg5 Qc7 8.Qd2 Re8 
9.Bh6 Bh8 10.Ng5 Nbd7 11.f4 Nb6 12.e5 Ng4 13.Bxg4 Bxg4 14.h3 Nc4 15.Qf2 
Bc8 16.O-O f6 17.Qe2 d5 18.b3 Nb6 19.exf6 Bxf6 20.Nf3 Bd7 21.Qf2 c5 22.Ne2
Rac8 23.a4 Bf5 24.dxc5 Qxc5 25.Nfd4 e5 26.fxe5 Rxe5 27.Rad1 Nd7 28.Kh1 
Rce8 29.Ng3 Be4 30.b4 Qc3 31.Nxe4 Rxe4 32.Nb5 Qe5 33.Bf4 Qh5 34.Nd6 Re2 
35.Qxa7 Rxg2 36.Rd3 Qe2 37.Rff3 Bg5 38.Qd4 Bxf4 39.Qxf4 Rf8 40.Nf7 g5 41.
Qd6 Rf2 42.Rxf2 Qxf2 43.Qxd7 Qf1+ 44.Kh2 Qf2+ 45.Kh1 Qf1+ 1/2-1/2

[Event "39th World U20 ch"]
[Site "Yerevan ARM"]
[Date "2000.09.22"]
[Round "4.22"]
[White "Fontaine, Robert"]
[Black "Petrik, Tomas"]
[Result "0-1"]
[WhiteElo "2449"]
[BlackElo "2289"]
[EventDate "2000.09.18"]
[PlyCount "168"]

1.e4 e6 2.d4 d5 3.e5 c5 4.c3 Nc6 5.Nf3 Qb6 6.a3 c4 7.Nbd2 Na5 8.Be2 Bd7 9.
O-O Ne7 10.Rb1 Bb5 11.Re1 Qc6 12.b3 cxb3 13.Bxb5 Qxb5 14.Nxb3 Nxb3 15.Rxb3
Qa6 16.a4 b6 17.Rb5 Rc8 18.Qb3 Nc6 19.Ba3 Na5 20.Qa2 Rxc3 21.Bxf8 Rxf8 22.
Qd2 Qc8 23.Rbb1 h6 24.Rec1 Rc4 25.Rxc4 Nxc4 26.Qc2 Kd7 27.Rc1 Rh8 28.Nd2 
Nxd2 29.Qxd2 Qa6 30.Qf4 Rf8 31.Qg3 Rc8 32.Rf1 g6 33.Qf4 Ke8 34.Qxh6 Qd3 
35.g3 Kd7 36.Qf4 Qf5 37.Qd2 Rc4 38.Qb2 Qc2 39.Qa3 Ke8 40.a5 b5 41.Qd6 Rc7 
42.h4 Qc6 43.Qb4 a6 44.Qd2 Qc3 45.Qh6 Qb4 46.h5 gxh5 47.Qh8+ Ke7 48.Qf6+ 
Ke8 49.Qh8+ Kd7 50.Rd1 Qa4 51.Qxh5 Kc8 52.Kg2 Qxa5 53.Qg4 Kb7 54.Rh1 Qd2 
55.Rh7 Qc2 56.Qg8 Kb6 57.Qb8+ Rb7 58.Qd8+ Qc7 59.Qa8 Ra7 60.Qf8 Qe7 61.
Qb8+ Qb7 62.Qd6+ Qc6 63.Qa3 Qc7 64.Rh1 a5 65.Rb1 b4 66.Rxb4+ axb4 67.Qxb4+
Kc6 68.Qc5+ Kd7 69.Qf8 Qd8 70.Qxf7+ Qe7 71.Qg6 Rc7 72.Qb1 Ke8 73.Qb8+ Qd8 
74.Qb1 Rf7 75.Qb4 Qc8 76.Qa4+ Kf8 77.Qa3+ Kg7 78.Qe3 Qd8 79.Qc1 Rf5 80.Qd1
Qg5 81.Qe2 Rf7 82.Qb2 Qg6 83.Qc1 Rb7 84.Qd2 Rb1 0-1

[Event "39th World U20 ch"]
[Site "Yerevan ARM"]
[Date "2000.09.22"]
[Round "4.23"]
[White "Pridorozhny, Alexei"]
[Black "Ginzburg, Mikhail"]
[Result "1-0"]
[WhiteElo "2396"]
[BlackElo "2276"]
[EventDate "2000.09.18"]
[PlyCount "45"]

1.e4 c5 2.Nf3 Nc6 3.Bb5 e6 4.Bxc6 bxc6 5.b3 d5 6.d3 dxe4 7.dxe4 Qxd1+ 8.
Kxd1 Nf6 9.Nbd2 c4 10.Bb2 Bc5 11.Ke2 cxb3 12.axb3 O-O 13.Bd4 Bxd4 14.Nxd4 
Bb7 15.f3 Rfd8 16.Ke3 Nd7 17.Nc4 Nb8 18.Ra5 Kf8 19.Rha1 a6 20.Rd1 Ke7 21.
Nf5+ exf5 22.Re5+ Kf6 23.Rxd8 1-0

[Event "39th World U20 ch"]
[Site "Yerevan ARM"]
[Date "2000.09.22"]
[Round "4.26"]
[White "Kruger, Peter Helentus"]
[Black "Wegener, Olaf"]
[Result "0-1"]
[WhiteElo "2085"]
[BlackElo "2336"]
[EventDate "2000.09.18"]
[PlyCount "66"]

1.e4 c5 2.c3 d5 3.e5 g6 4.Na3 Bg7 5.f4 h5 6.Nf3 Nh6 7.d3 Nc6 8.Be2 Rb8 9.
O-O b5 10.Bd2 Qb6 11.Nc2 Ng4 12.h3 c4+ 13.d4 Nh6 14.Ng5 Nf5 15.Be1 f6 16.
exf6 exf6 17.g4 hxg4 18.hxg4 fxg5 19.gxf5 Bxf5 20.Bg3 gxf4 21.Bxf4 Rd8 22.
Bg4 O-O 23.Ne3 Nxd4 24.cxd4 Bxd4 25.Re1 Rde8 26.Kh2 Bxe3 27.Bxe3 Rxe3 28.
Qxd5+ Kg7 29.Bxf5 Rxf5 30.Qd7+ Rf7 31.Qd2 Rd3 32.Qg5 Rf2+ 33.Kg1 Rf5+ 0-1

[Event "39th World U20 ch"]
[Site "Yerevan ARM"]
[Date "2000.09.22"]
[Round "4.27"]
[White "Varela, Gaston"]
[Black "Jirka, Jiri"]
[Result "1/2-1/2"]
[WhiteElo "2249"]
[BlackElo "2302"]
[EventDate "2000.09.18"]
[PlyCount "71"]

1.d4 d5 2.c4 c6 3.Nf3 Nf6 4.cxd5 cxd5 5.Nc3 Nc6 6.Bf4 a6 7.e3 Bg4 8.Bd3 e6
9.Qb3 Bxf3 10.gxf3 Na5 11.Qa4+ Nd7 12.Rc1 Nc6 13.O-O Be7 14.Bg3 O-O 15.Ne2
f5 16.e4 Bg5 17.f4 fxe4 18.Bxe4 Bf6 19.Bg2 Nb6 20.Qb3 Nc4 21.Rfd1 Nd6 22.
f5 Nxf5 23.Qxb7 Ncxd4 24.Nxd4 Bxd4 25.Kh1 Qf6 26.Re1 Nxg3+ 27.fxg3 Rab8 
28.Qxa6 Rxb2 29.Qxe6+ Qxe6 30.Rxe6 Rff2 31.Rf1 Rxf1+ 32.Bxf1 Rxa2 33.Rd6 
Ra1 34.Kg2 Ra2+ 35.Kh1 Ra5 36.Rxd5 1/2-1/2

[Event "39th World U20 ch"]
[Site "Yerevan ARM"]
[Date "2000.09.23"]
[Round "5.1"]
[White "Bruzon Batista, Lazaro"]
[Black "Asrian, Karen"]
[Result "1/2-1/2"]
[WhiteElo "2534"]
[BlackElo "2566"]
[EventDate "2000.09.18"]
[PlyCount "65"]

1.e4 c6 2.c4 d5 3.exd5 cxd5 4.d4 Nf6 5.Nc3 e6 6.Nf3 Bb4 7.cxd5 Nxd5 8.Qc2 
Nc6 9.a3 Be7 10.Bd3 Nf6 11.O-O O-O 12.Rd1 h6 13.Bc4 Qb6 14.Be3 Qc7 15.Nb5 
Qd8 16.Nc3 Nd5 17.Bxd5 exd5 18.Qb3 Be6 19.Qxb7 Na5 20.Qa6 Rb8 21.b4 Nc4 
22.Ne5 Nxe3 23.fxe3 Bd6 24.Rac1 Bxe5 25.dxe5 Qg5 26.Qxa7 Ra8 27.Qd4 Rxa3 
28.Kh1 Rc8 29.Nxd5 Rxc1 30.Rxc1 Bxd5 31.Qxd5 Rxe3 32.Rf1 Qe7 33.b5 1/2-1/2

[Event "39th World U20 ch"]
[Site "Yerevan ARM"]
[Date "2000.09.23"]
[Round "5.2"]
[White "Acs, Peter"]
[Black "Miton, Kamil"]
[Result "1/2-1/2"]
[WhiteElo "2497"]
[BlackElo "2443"]
[EventDate "2000.09.18"]
[PlyCount "135"]

1.e4 c5 2.Nf3 Nc6 3.d4 cxd4 4.Nxd4 Nf6 5.Nc3 d6 6.Bg5 e6 7.Qd2 a6 8.O-O-O 
Bd7 9.f4 b5 10.Bxf6 gxf6 11.Kb1 b4 12.Nce2 Qb6 13.f5 Nxd4 14.Nxd4 e5 15.
Ne2 Rc8 16.Ng3 h5 17.h4 Ke7 18.Bd3 a5 19.Qe2 a4 20.Bc4 Bh6 21.b3 Qe3 22.
Qd3 Qxd3 23.Rxd3 Bc6 24.Rhd1 Rcd8 25.Bd5 Bb5 26.Bc4 Bc6 27.Bd5 Bxd5 28.
Rxd5 Be3 29.R5d3 Bc5 30.bxa4 Ra8 31.Nf1 Rxa4 32.Ne3 Rha8 33.Nd5+ Kd8 34.
Rg3 Rxa2 35.Rg8+ Kd7 36.Rxa8 Rxa8 37.Nxf6+ Kc6 38.Nd5 Kb7 39.Rd3 Bd4 40.
Kc1 Rg8 41.g3 Bf2 42.Rb3 Rxg3 43.Rxb4+ Kc8 44.Rc4+ Bc5 45.Nf6 Rh3 46.Nxh5 
Rxh4 47.Nf6 Kb7 48.Ra4 Rh6 49.Nd5 Rh4 50.Kd2 Kc6 51.Kd3 Rh3+ 52.Kc4 Rh4 
53.Kb3 Rh3+ 54.c3 Rh4 55.Ra6+ Kb7 56.Ra4 Kc6 57.Ra8 Rxe4 58.c4 Rh4 59.Rc8+
Kd7 60.Rf8 Rh3+ 61.Kc2 Rh4 62.Kc3 Rh3+ 63.Kd2 Rf3 64.Rxf7+ Ke8 65.Rf6 e4 
66.Re6+ Kf7 67.Re7+ Kf8 68.Rxe4 1/2-1/2

[Event "39th World U20 ch"]
[Site "Yerevan ARM"]
[Date "2000.09.23"]
[Round "5.4"]
[White "Sargissian, Gabriel"]
[Black "Solak, Dragan"]
[Result "1/2-1/2"]
[WhiteElo "2474"]
[BlackElo "2490"]
[EventDate "2000.09.18"]
[PlyCount "44"]

1.c4 d6 2.Nc3 g6 3.g3 Bg7 4.Bg2 e5 5.e3 Nc6 6.Nge2 Be6 7.Nd5 Qd7 8.O-O Nh6
9.Rb1 O-O 10.Re1 Rae8 11.d3 Nd8 12.b4 c6 13.Ndc3 Bh3 14.Bh1 a6 15.b5 axb5 
16.cxb5 f5 17.bxc6 bxc6 18.Qa4 Rf7 19.Bd2 g5 20.Rb8 d5 21.Qa8 f4 22.exf4 
Ref8 1/2-1/2

[Event "39th World U20 ch"]
[Site "Yerevan ARM"]
[Date "2000.09.23"]
[Round "5.5"]
[White "Kozhukharov, Spas"]
[Black "Jobava, Baadur"]
[Result "1/2-1/2"]
[WhiteElo "2196"]
[BlackElo "2480"]
[EventDate "2000.09.18"]
[PlyCount "128"]

1.e4 c5 2.Nf3 d6 3.d4 cxd4 4.Nxd4 Nf6 5.Nc3 a6 6.Bg5 e6 7.f4 Nbd7 8.Qf3 
Qc7 9.O-O-O b5 10.e5 Bb7 11.Qh3 dxe5 12.Nxe6 fxe6 13.Qxe6+ Be7 14.Bxb5 
axb5 15.Nxb5 Qc6 16.Nd6+ Kd8 17.fxe5 Kc7 18.Qxe7 Rxa2 19.Bxf6 Ra1+ 20.Kd2 
Qd5+ 21.Ke2 Qxg2+ 22.Ke3 Qf3+ 23.Kd2 Qd5+ 24.Ke2 Ba6+ 25.c4 Qg2+ 26.Ke3 
Qh3+ 27.Kf2 Rxd1 28.Rxd1 Qxh2+ 29.Ke3 Qg3+ 30.Ke2 Qg4+ 31.Ke1 Qg3+ 32.Ke2 
Qg4+ 33.Ke1 gxf6 34.e6 Qg3+ 35.Ke2 Qe5+ 36.Kf1 Rg8 37.Ne8+ Kb8 38.Qd6+ 
Qxd6 39.Nxd6 Ne5 40.e7 Nxc4 41.e8=Q+ Rxe8 42.Nxe8 Nxb2+ 43.Ke1 Nxd1 44.
Nxf6 Nc3 45.Nxh7 Ne4 46.Nf8 Kc7 47.Ne6+ Kd6 48.Nd4 Ke5 49.Ne2 Bb5 50.Kd1 
Bc4 51.Nc1 Kd4 52.Kc2 Ke3 53.Nb3 Bd5 54.Na5 Bf7 55.Nb3 Bg6 56.Nc1 Nd2+ 57.
Kc3 Bf7 58.Kc2 Be8 59.Kc3 Ne4+ 60.Kb4 Bf7 61.Nb3 Nf2 62.Kc3 Bg8 63.Nc5 
Nd1+ 64.Kb4 Bf7 1/2-1/2

[Event "39th World U20 ch"]
[Site "Yerevan ARM"]
[Date "2000.09.23"]
[Round "5.7"]
[White "Izoria, Zviad"]
[Black "Zhang Pengxiang"]
[Result "1-0"]
[WhiteElo "2450"]
[BlackElo "2525"]
[EventDate "2000.09.18"]
[PlyCount "79"]

1.d4 Nf6 2.c4 c5 3.d5 e6 4.Nc3 exd5 5.cxd5 d6 6.e4 g6 7.h3 Bg7 8.Bd3 O-O 
9.Nf3 a6 10.a4 Nbd7 11.O-O Re8 12.Re1 Qe7 13.Bf4 Qf8 14.Qd2 Nh5 15.Be3 h6 
16.Rab1 b6 17.b4 f5 18.exf5 gxf5 19.Qc2 Ne5 20.Nxe5 Bxe5 21.Bd2 Ra7 22.a5 
b5 23.bxc5 dxc5 24.Nxb5 axb5 25.Bxb5 Bd7 26.Bxd7 Rxd7 27.Rb6 Rg7 28.Bxh6 
Bf4 29.Rxe8 Qxe8 30.Re6 Re7 31.Qxf5 Bxh6 32.Rxh6 Ng7 33.Qh7+ Kf7 34.Qg6+ 
Kg8 35.Qxe8+ Nxe8 36.Rc6 Re1+ 37.Kh2 Rc1 38.d6 Nf6 39.Rc7 Rd1 40.a6 1-0

[Event "39th World U20 ch"]
[Site "Yerevan ARM"]
[Date "2000.09.23"]
[Round "5.8"]
[White "Iliushin, Alexei"]
[Black "Perelshteyn, Eugene"]
[Result "1/2-1/2"]
[WhiteElo "2509"]
[BlackElo "2424"]
[EventDate "2000.09.18"]
[PlyCount "33"]

1.d4 Nf6 2.c4 g6 3.Nc3 Bg7 4.e4 d6 5.f3 O-O 6.Nge2 c5 7.Be3 cxd4 8.Nxd4 
Nc6 9.Qd2 Nxd4 10.Bxd4 Be6 11.Be2 Qa5 12.Rc1 Rfc8 13.b3 a6 14.Be3 Rab8 15.
Nd5 Qxd2+ 16.Kxd2 Nxd5 17.cxd5 1/2-1/2

[Event "39th World U20 ch"]
[Site "Yerevan ARM"]
[Date "2000.09.23"]
[Round "5.9"]
[White "Fedorchuk, Sergei"]
[Black "Yakovenko, Dmitry"]
[Result "0-1"]
[WhiteElo "2408"]
[BlackElo "2506"]
[EventDate "2000.09.18"]
[PlyCount "66"]

1.e4 c5 2.Nf3 e6 3.d4 cxd4 4.Nxd4 Nc6 5.Nc3 a6 6.Be3 Qc7 7.Bd3 Nf6 8.O-O 
b5 9.f4 Bc5 10.Nf5 Ne7 11.Nxg7+ Kf8 12.Bxc5 Qxc5+ 13.Kh1 Kxg7 14.e5 Ne8 
15.Ne4 Qb6 16.Qh5 h6 17.Rf3 Nf5 18.Rh3 Rg8 19.g4 Kf8 20.gxf5 exf5 21.e6 
dxe6 22.Qxh6+ Ke7 23.Qh4+ f6 24.Nd2 Bb7+ 25.Nf3 Qe3 26.Rf1 Rg4 27.Qe1 Qxe1
28.Rxe1 Nc7 29.Bf1 Rag8 30.Be2 R8g7 31.Rf1 Nd5 32.Rh8 Ne3 33.Re1 Rg2 0-1

[Event "39th World U20 ch"]
[Site "Yerevan ARM"]
[Date "2000.09.23"]
[Round "5.10"]
[White "Haznedaroglu, Kivanc"]
[Black "Halkias, Stelios"]
[Result "1/2-1/2"]
[WhiteElo "2249"]
[BlackElo "2502"]
[EventDate "2000.09.18"]
[PlyCount "110"]

1.e4 c5 2.Nf3 Nc6 3.d4 cxd4 4.Nxd4 Nf6 5.Nc3 e5 6.Ndb5 d6 7.Bg5 a6 8.Na3 
b5 9.Bxf6 gxf6 10.Nd5 Bg7 11.Bd3 Ne7 12.Nxe7 Qxe7 13.O-O O-O 14.c4 f5 15.
Re1 fxe4 16.Bxe4 Rb8 17.cxb5 axb5 18.Qe2 b4 19.Nc4 f5 20.Bd5+ Kh8 21.Rad1 
Ba6 22.b3 Rf6 23.f4 Rg6 24.Qf2 Qf8 25.Kh1 Bxc4 26.Bxc4 exf4 27.Qxf4 Be5 
28.Qf3 Qh6 29.h3 Rf8 30.Rd3 Rg3 31.Qf2 Rxd3 32.Bxd3 f4 33.Qf3 Rg8 34.Bc4 
Rf8 35.Rf1 Rd8 36.Qd5 Qg5 37.Rf3 Qh4 38.Kh2 Rf8 39.Qe4 Qe7 40.Qe2 Qa7 41.
Bd5 Qd4 42.Qc4 Qd2 43.Kh1 Re8 44.Qb5 Re7 45.Qc4 Kg7 46.Qd3 Qe1+ 47.Kh2 Rc7
48.Bc4 Qh4 49.Qd5 Qf6 50.Kh1 Kh6 51.Qd2 Qf5 52.Qxb4 Qb1+ 53.Rf1 Qxa2 54.
Qe1 Kg7 55.Qh4 Qc2 1/2-1/2

[Event "39th World U20 ch"]
[Site "Yerevan ARM"]
[Date "2000.09.23"]
[Round "5.12"]
[White "Felgaer, Ruben"]
[Black "Lopez Martinez, Josep Manuel"]
[Result "1/2-1/2"]
[WhiteElo "2390"]
[BlackElo "2477"]
[EventDate "2000.09.18"]
[PlyCount "76"]

1.e4 e6 2.d4 d5 3.Nc3 Bb4 4.e5 c5 5.dxc5 Nc6 6.Nf3 Nge7 7.Bd3 Bxc5 8.O-O 
Ng6 9.Bxg6 fxg6 10.Bg5 Qd7 11.a3 O-O 12.Na4 Be7 13.Bxe7 Qxe7 14.Re1 Bd7 
15.b4 Rf4 16.Nc5 Raf8 17.Re3 Bc8 18.g3 R4f5 19.c4 dxc4 20.Ne4 Nxe5 21.Nxe5
Rxe5 22.Qd6 Qxd6 23.Nxd6 Rd5 24.Nxc4 Bd7 25.Ne5 Ba4 26.Rc1 Rd2 27.Rf3 Rxf3
28.Nxf3 Rd1+ 29.Rxd1 Bxd1 30.Nd4 Kf7 31.Nb5 Ke7 32.Nxa7 Bf3 33.Nc8+ Kd8 
34.Nd6 Bc6 35.f4 Kc7 36.Nc4 Bd5 37.Nb2 Kd6 38.Kf2 e5 1/2-1/2

[Event "39th World U20 ch"]
[Site "Yerevan ARM"]
[Date "2000.09.23"]
[Round "5.14"]
[White "Blehm, Pawel"]
[Black "Pridorozhny, Alexei"]
[Result "1-0"]
[WhiteElo "2510"]
[BlackElo "2396"]
[EventDate "2000.09.18"]
[PlyCount "103"]

1.e4 c5 2.Nf3 Nc6 3.Nc3 e6 4.d4 cxd4 5.Nxd4 Nf6 6.Ndb5 d6 7.Bf4 e5 8.Bg5 
a6 9.Na3 b5 10.Nd5 Be7 11.Bxf6 Bxf6 12.c3 Bg5 13.Nc2 Ne7 14.Ncb4 O-O 15.
Be2 Be6 16.Qd3 a5 17.Nxe7+ Qxe7 18.Nd5 Qa7 19.O-O Rab8 20.a3 Kh8 21.Rad1 
f5 22.exf5 Bxf5 23.Qg3 Bf4 24.Nxf4 exf4 25.Qxf4 Bd3 26.Qd2 Bxe2 27.Qxe2 
Rf6 28.Rd4 h6 29.Rfd1 Qc5 30.Qd2 Rbf8 31.f3 Re6 32.b4 axb4 33.axb4 Qa7 34.
Kf1 Rg6 35.Qd3 Rg5 36.h4 Rh5 37.Qg6 Rhf5 38.Qxd6 Qa2 39.Kg1 Qe2 40.Re4 Qc2
41.Qd3 Qb3 42.Rd4 Re5 43.Rd8 Ree8 44.Rxe8 Rxe8 45.Kh2 Rc8 46.Re1 Qf7 47.
Qxb5 Qf4+ 48.Kh3 Rc4 49.g3 Qc7 50.Re8+ Kh7 51.Qf5+ g6 52.Qe6 1-0

[Event "39th World U20 ch"]
[Site "Yerevan ARM"]
[Date "2000.09.23"]
[Round "5.15"]
[White "Gershon, Alik"]
[Black "Senff, Martin"]
[Result "1-0"]
[WhiteElo "2502"]
[BlackElo "2354"]
[EventDate "2000.09.18"]
[PlyCount "41"]

1.d4 d5 2.c4 e6 3.Nc3 c6 4.Nf3 Nf6 5.Bg5 dxc4 6.e4 b5 7.e5 b4 8.Ne4 Qd5 9.
Ned2 c3 10.exf6 cxd2+ 11.Qxd2 gxf6 12.Bxf6 Rg8 13.Qc2 Nd7 14.Bh4 b3 15.
axb3 Bb4+ 16.Kd1 c5 17.Bc4 Qh5 18.Qe4 Nb6 19.Qc6+ Bd7 20.Qxb6 Rg4 21.Rxa7 
1-0

[Event "39th World U20 ch"]
[Site "Yerevan ARM"]
[Date "2000.09.23"]
[Round "5.16"]
[White "Fernando, Diogo"]
[Black "Ganguly, Surya Shekhar"]
[Result "1/2-1/2"]
[WhiteElo "2257"]
[BlackElo "2498"]
[EventDate "2000.09.18"]
[PlyCount "24"]

1.e4 e5 2.Nf3 Nc6 3.Bb5 a6 4.Ba4 Nf6 5.Qe2 b5 6.Bb3 Bc5 7.c3 d6 8.d3 O-O 
9.Bg5 Rb8 10.Nbd2 Kh8 11.Nf1 Be6 12.Ne3 b4 1/2-1/2

[Event "39th World U20 ch"]
[Site "Yerevan ARM"]
[Date "2000.09.23"]
[Round "5.17"]
[White "Ghaem Maghami, Ehsan"]
[Black "Gagunashvili, Merab"]
[Result "1/2-1/2"]
[WhiteElo "2488"]
[BlackElo "2321"]
[EventDate "2000.09.18"]
[PlyCount "45"]

1.e4 c5 2.c3 d5 3.exd5 Qxd5 4.d4 Nf6 5.Nf3 Bg4 6.Be2 e6 7.Na3 Be7 8.Nb5 
Na6 9.c4 Qd8 10.h3 Bf5 11.O-O O-O 12.a3 Be4 13.Be3 b6 14.dxc5 Nxc5 15.b4 
Qxd1 16.Rfxd1 Na4 17.Rac1 a5 18.Nd6 Rfd8 19.Nxe4 Nxe4 20.Rxd8+ Rxd8 21.Nd4
Rc8 22.Bf3 Nac3 23.Nc6 1/2-1/2

[Event "39th World U20 ch"]
[Site "Yerevan ARM"]
[Date "2000.09.23"]
[Round "5.19"]
[White "Petrik, Tomas"]
[Black "Mateuta, Gabriel"]
[Result "0-1"]
[WhiteElo "2289"]
[BlackElo "2409"]
[EventDate "2000.09.18"]
[PlyCount "72"]

1.e4 g6 2.d4 c6 3.Nc3 d5 4.h3 Bg7 5.Nf3 Nh6 6.Bd3 f6 7.O-O O-O 8.Re1 Nf7 
9.Bf1 e6 10.b3 Re8 11.Bb2 Nd7 12.a4 f5 13.exf5 exf5 14.Rxe8+ Qxe8 15.Qe1 
Qd8 16.Ne2 g5 17.c4 g4 18.hxg4 fxg4 19.Nd2 Nf6 20.cxd5 cxd5 21.Ng3 h5 22.
Bd3 Nh6 23.Qe5 h4 24.Nh5 Nxh5 25.Qxh5 Be6 26.Qg6 Qf6 27.Qxf6 Bxf6 28.Rc1 
Rc8 29.Rxc8+ Bxc8 30.f3 g3 31.f4 Bf5 32.Be2 Kf7 33.Bd1 Ng4 34.Nf1 Ke6 35.
b4 Nf2 36.Bb3 Nd3 0-1

[Event "39th World U20 ch"]
[Site "Yerevan ARM"]
[Date "2000.09.23"]
[Round "5.20"]
[White "Skytte, Rasmus"]
[Black "De Vreugt, Dennis"]
[Result "0-1"]
[WhiteElo "2323"]
[BlackElo "2511"]
[EventDate "2000.09.18"]
[PlyCount "46"]

1.e4 e5 2.Bc4 Nf6 3.Nc3 Nc6 4.d3 Bc5 5.f4 O-O 6.Nf3 exf4 7.Bxf4 Na5 8.Bg5 
Nxc4 9.dxc4 Be7 10.Qd4 d6 11.O-O-O Be6 12.e5 Ne8 13.Bxe7 Qxe7 14.Rhe1 dxe5
15.Rxe5 c6 16.Ng5 h6 17.Nxe6 fxe6 18.Rde1 Nc7 19.g3 Rf3 20.Ne2 Rd8 21.Qe4 
Qd6 22.Nd4 Rf2 23.c5 Qxd4 0-1

[Event "39th World U20 ch"]
[Site "Yerevan ARM"]
[Date "2000.09.23"]
[Round "5.21"]
[White "Goldenberg, Danny"]
[Black "Bunzmann, Dimitrij"]
[Result "1/2-1/2"]
[WhiteElo "2310"]
[BlackElo "2484"]
[EventDate "2000.09.18"]
[PlyCount "47"]

1.e4 e6 2.d4 d5 3.Nd2 Nf6 4.e5 Nfd7 5.Bd3 c5 6.c3 Nc6 7.Ne2 cxd4 8.cxd4 f6
9.exf6 Qxf6 10.Nf3 h6 11.O-O Bd6 12.Bc2 O-O 13.Ng3 Rd8 14.Re1 a6 15.a3 Bc7
16.b4 Nf8 17.Nh5 Qf7 18.Ne5 Nxe5 19.dxe5 Bb6 20.Kh1 Bd7 21.Qg4 Rdc8 22.
Nf6+ Kh8 23.Nxd7 Qxd7 24.Bd3 1/2-1/2

[Event "39th World U20 ch"]
[Site "Yerevan ARM"]
[Date "2000.09.23"]
[Round "5.22"]
[White "Simutowe, Amon"]
[Black "Kallio, Heikki"]
[Result "0-1"]
[WhiteElo "2322"]
[BlackElo "2451"]
[EventDate "2000.09.18"]
[PlyCount "98"]

1.d4 d6 2.c4 e5 3.dxe5 dxe5 4.Qxd8+ Kxd8 5.Nc3 Be6 6.b3 Nd7 7.Nf3 f6 8.g3 
a5 9.Bb2 c6 10.O-O-O Kc7 11.Nd2 Nh6 12.h3 Nc5 13.a4 Nf7 14.Kc2 Na6 15.Bg2 
Be7 16.Na2 Rad8 17.Bc3 b6 18.Rhf1 Ba3 19.f4 Bf5+ 20.e4 Bc8 21.Nf3 Rxd1 22.
Rxd1 Bd6 23.fxe5 Nxe5 24.Nxe5 Bxe5 25.Bxe5+ fxe5 26.Nc1 Nc5 27.Nd3 Nxd3 
28.Rxd3 Rf8 29.Rd2 g5 30.Kc3 h5 31.Ra2 h4 32.g4 Kd6 33.b4 axb4+ 34.Kxb4 
c5+ 35.Kc3 Bb7 36.a5 bxa5 37.Rxa5 Rf2 38.Rb5 Rxg2 39.Rxb7 Rg3+ 40.Kd2 Rxh3
41.Rb6+ Kd7 42.Rg6 Rg3 43.Rxg5 Ke6 44.Rg6+ Kf7 45.Rg5 h3 46.Rxe5 h2 47.Rh5
Ra3 48.Kc2 Ra1 49.Kb2 h1=Q 0-1

[Event "39th World U20 ch"]
[Site "Yerevan ARM"]
[Date "2000.09.23"]
[Round "5.23"]
[White "Al-Sayed, Mohamad Naser"]
[Black "Arutinian, David"]
[Result "1/2-1/2"]
[WhiteElo "2370"]
[BlackElo "2309"]
[EventDate "2000.09.18"]
[PlyCount "67"]

1.e4 c5 2.Nf3 Nc6 3.d4 cxd4 4.Nxd4 Nf6 5.Nc3 d6 6.Bc4 e6 7.Bb3 Be7 8.Be3 
O-O 9.f4 a6 10.Qf3 Qc7 11.O-O-O Na5 12.f5 Nxb3+ 13.axb3 b5 14.fxe6 Bxe6 
15.Nd5 Nxd5 16.exd5 Bd7 17.Qg3 Rfe8 18.Rhf1 Bf8 19.Rd2 Rac8 20.Rdf2 f5 21.
c3 b4 22.c4 a5 23.Nxf5 Bxf5 24.Rxf5 a4 25.Rf7 Re7 26.R7f4 axb3 27.Bd2 g6 
28.Qxb3 Bh6 29.Rd4 Qa7 30.Qd3 Qa1+ 31.Qb1 Qa7 32.Qd3 Qa1+ 33.Qb1 Qa7 34.
Qd3 1/2-1/2

[Event "39th World U20 ch"]
[Site "Yerevan ARM"]
[Date "2000.09.23"]
[Round "5.24"]
[White "Saric, Ibro"]
[Black "Varela, Gaston"]
[Result "1-0"]
[WhiteElo "2345"]
[BlackElo "2249"]
[EventDate "2000.09.18"]
[PlyCount "69"]

1.d4 d5 2.c4 e6 3.Nc3 c6 4.cxd5 exd5 5.Nf3 Bf5 6.Bg5 Be7 7.Bxe7 Qxe7 8.e3 
Nf6 9.Bd3 Bxd3 10.Qxd3 Nbd7 11.O-O O-O 12.Nd2 Rfe8 13.Rab1 a5 14.a3 b5 15.
a4 b4 16.Ne2 c5 17.b3 Ne4 18.Rfd1 cxd4 19.Qxd4 Ndf6 20.Rbc1 Rad8 21.h3 h6 
22.Rc2 Nxd2 23.Qxd2 Ne4 24.Qd4 Qd7 25.f3 Ng5 26.Nf4 Ne6 27.Nxe6 fxe6 28.
Rc5 Qa7 29.f4 Rd7 30.Rdc1 Red8 31.Kh2 Re8 32.Qe5 Ree7 33.Rc8+ Kh7 34.f5 
Qa6 35.R1c6 1-0